000 00655nam a2200289Ia 4500
005 20260324131531.0
008 008 260324s9999 xx 000 0 eng d
020 _a9781315251417
037 _aEBOOK
040 _aCRL
040 _beng
040 _cCRL
041 _2eng
041 _aeng
084 _qCRL
100 _aJohn Sainsbury
_91185861
245 0 _aJohn Wilkes
245 4 _bThe Lives of a Libertine
260 _bTaylor and Francis
260 _c2006
365 _a
365 _b230
856 _uhttp://www.taylorfrancis.com/books/9781315251417
942 _cEBOOK
999 _c1783123
_d1783123